LEADER 01083nam a2200217 i 4500 001 000000251700 003 CaOOAMICUS 005 20240903091529.0 008 161129s1760 xx u000 u lat u 013 $a230605 026 $aI.IS t.r. e-ia (2te (3) 1760 (R) 040 $aSeMil$bita 245 10$aTomus 2. 300 $a[8] p., 1712 col. 500 $aSegn.: pg4 A-5P4 773 0 $tCorpus juris civilis academicum, in suas partes distributum, usuique moderno ita accomodatum, ut nunc studiosorum quivis, etiam tyro, uno quasi intuitu, omnes leges digestorum & codicis, omnesque titulos institutionum invenire possit. Auctore Christoph. Henr. Freiesleben, alias Ferromontano ... Tomus 1. [-2.].$bEditio nova, cui nunc primum loci paralleli et sese invicem illustrantes accesserunt.$dLugduni : Expensis Gasparis Girardi veneti, 1758-1760.$g2$w()33477 850 $aSeMil 852 $aSeMil$W1$xVenegono$y1$m3L V 28 FA$j202046$B202046$CSeMilBibl$Z2$F214524 $8I 961 $aRecupero: Mantegazza 996 $6245$aTomus 2$9(OLS)http://semarc/title/93022 LEADER 01423nam a2200325 i 4500 001 000000226352 003 CaOOAMICUS 005 20140120000000.0 008 140120s2002 it u000 u ita u 013 $a205254 020 $a88-8057-141-9 040 $aSeMil$bita 100 1 $aChalier, Catherine,$d<1947- >.$0(OLS)http://semarc/name/50382 240 14$aLes matriarches.$0(OLS)http://semarc/title/324080 245 13$aLe matriarche :$bSara, Rebecca, Rachele e Lea /$cCatherine Chalier ; prefazione di Emmanuel Lévinas ; traduzione di Orietta Ombrosi. 260 $aFirenze :$bGiuntina,$c2002. 300 $a275 p. ;$c20 cm. 490 0 $aSchulim Vogelmann ;$v95 500 $aFondo card. C. M. Martini. 650 4$aBibbia - Personaggi femminili.$0(OLS)http://semarc/subject/7423 700 1 $aOmbrosi, Orietta.$0(OLS)http://semarc/name/78531 700 1 $aLévinas, Emmanuel,$d<1906-1995>.$0(OLS)http://semarc/name/18680 830 0$aSchulim Vogelmann ;$v95.$0(OLS)http://semarc/title/11273 850 $aSeMil 852 $aSeMil$W1$xVenegono$y1$m2V II 39$j176698$B176698$CSeMilBibl$Z2$F187747 $81 941 1 $a4 961 $aLascito: Martini Card. Carlo Maria 996 $6020$a88-8057-141-9$9(OLS)http://semarc/number/227557 996 $6245$aLe matriarche :$bSara, Rebecca, Rachele e Lea$9(OLS)http://semarc/title/324079 996 $6260$aFirenze :$bGiuntina$9(OLS)http://semarc/publisher/31954